000 00651nam a2200205 u 4500
005 20240924070254.0
008 160727s2008 es r 000 0 spa d
020 _a9788484525134
035 _aUPN01000211947
049 _aI
050 4 _aPZ76.3
_bW5.7
100 1 _aWillis, Jeanne
_933709
245 1 3 _aEl Rino realmente rudo /
_cJeanne Willis ; il. Tony Ross ; tr. de Alberto Jiménez Rioja.
260 _aBarcelona, Esp. :
_bIntermón Oxfam,
_c2008.
300 _a[23] p. :
_bil. col.
534 _pTraducción de:
_tThe really rude Rhino
650 7 _aAnimales
_vLiteratura infantil
_2
_91061
650 4 _aÉtica
_912720
905 _aInfantil
999 _c184048
_d184048